Биохимия : (Record no. 144943)
[ view plain ]
| 000 -LEADER | |
|---|---|
| fixed length control field | 00758nam a2200205 u 4500 |
| 001 - CONTROL NUMBER | |
| control field | 000379132 |
| 003 - CONTROL NUMBER IDENTIFIER | |
| control field | AM-YeHGA |
| 005 - DATE AND TIME OF LATEST TRANSACTION | |
| control field | 20250617132107.0 |
| 008 - FIXED-LENGTH DATA ELEMENTS--GENERAL INFORMATION | |
| fixed length control field | 041109s2003 ||| r 000 0 rus d |
| 020 ## - INTERNATIONAL STANDARD BOOK NUMBER | |
| International Standard Book Number | 5305000203 |
| 040 ## - CATALOGING SOURCE | |
| Original cataloging agency | AM-YeHGA |
| 041 0# - LANGUAGE CODE | |
| Language code of text/sound track or separate title | rus |
| 090 ## - LOCALLY ASSIGNED LC-TYPE CALL NUMBER (OCLC); LOCAL CALL NUMBER (RLIN) | |
| -- | 146328 |
| 100 1# - MAIN ENTRY--PERSONAL NAME | |
| Personal name | Проскурина, Ирина Константиновна |
| 245 10 - TITLE STATEMENT | |
| Title | Биохимия : |
| Remainder of title | Учеб. пособие по спец. 033100 "Физич. культура" / |
| Statement of responsibility, etc. | И.К. Проскурина. |
| 260 ## - PUBLICATION, DISTRIBUTION, ETC. | |
| Place of publication, distribution, etc. | Москва : |
| Name of publisher, distributor, etc. | Владос-пресс, |
| Date of publication, distribution, etc. | 2003. |
| 300 ## - PHYSICAL DESCRIPTION | |
| Extent | 236 с. |
| Other physical details | ил. |
| 440 #0 - SERIES STATEMENT/ADDED ENTRY--TITLE | |
| Title | Учебное пособие для вузов |
| 650 14 - SUBJECT ADDED ENTRY--TOPICAL TERM | |
| Topical term or geographic name entry element | Биология |
| General subdivision | Биохимия |
| Form subdivision | Учебник для высшей школы |
| Withdrawn status | Lost status | Damaged status | Not for loan | Collection | Home library | Current library | Date acquired | Total checkouts | Full call number | Barcode | Date last seen | Price effective from | Koha item type | Public note |
|---|---|---|---|---|---|---|---|---|---|---|---|---|---|---|
| General | Fundamental Scientific Library | Fundamental Scientific Library | 22/12/2016 | 577.1(025.8) | 120650566 | 22/12/2016 | 22/12/2016 | Գրքեր / Books | 30 Days Loan |
ՀՀ Գիտությունների ազգային ակադեմիայի հիմնարար գիտական գրադարան = Fundamental Scientific Library of NAS RA
All site content, except where otherwise noted, is licensed under a